| 000 | 00460nam a2200169 i 4500 | ||
|---|---|---|---|
| 001 | 39190 | ||
| 003 | ES-MaACL | ||
| 005 | 20230906155915.0 | ||
| 007 | t| | ||
| 008 | 030227s1922 sp ||||1| spa d | ||
| 100 | 1 |
_aCalvo y Pérez, M. P. _933927 |
|
| 245 | 1 | 0 |
_aResumen de la historia del Perú / _cM. P. Calvo y Pérez. |
| 250 | _a6ª ed. | ||
| 260 |
_aMadrid : _b[s.n., _c1922] ( _fTip. Colón) |
||
| 300 |
_a553 p. ; _c20 cm. |
||
| 852 |
_aES-MaACL _jF-4322 |
||
| 999 |
_c39190 _d39190 |
||